Musiques de films : les incontournables - Statistiques

Statistiques générales
  • Ce quiz a été pris 50 fois
  • Le résultat moyen est 9 sur 20
Statistiques - réponses
Question Réponse % Correct
Le Bon, la Brute et le Truand Ennio Morricone
85%
La Guerre des Etoiles (ép.IV, un nouvel espoir) John Williams
85%
Interstellar Hans Zimmer
77%
Le Fabuleux Destin d'Amélie Poulain Yann Tiersen
62%
Forrest Gump Alan Silvestri
60%
Titanic James Horner
55%
Le grand blond avec une chaussure noire Vladimir Cosma
53%
Les chariots de feu Vangelis
51%
Le seigneur des anneaux Howard Shore
49%
James Bond contre Doctor No John Barry
49%
Le parrain Nino Rota
49%
Le Grand Bleu Eric Serra
43%
Un homme et une femme Francis Lai
34%
La panthère rose Henry Mancini
34%
L'exorciste Mike Oldfield
34%
American Beauty Thomas Newman
34%
Le vieux fusil François de Roubaix
28%
Midnight Express Giorgio Moroder
26%
Les rivières pourpres Bruno Coulais
15%
Ghost Maurice Jarre
13%
Aucun quiz correspondant
Distribution des résultats
% des personnes avec chaque résultat
Percentile par nombre de réponses
Votre historique - résultats
Vous n’avez pas pris ce quiz